000 00492nam a2200181Ia 4500
001 25096
005 20260414151127.0
008 260414t2011||||xx |||||||||||||| ||spa||
041 _aESP
082 _a346.2
_bF317
100 _aFarnós Amorós, Esther
_eAUT
245 0 _aConsentimiento a la reproducción asistida :
_bcrisis de pareja y disposición de embriones
260 _c2011
300 _a301 páginas :
_c24 cm.
650 _aDER
654 _aCDE
942 _cLIB
_dJUS
_fJUS
_2ddc
_n
999 _c25096
_d25096